000 00312nam a2200109Ia 4500
008 171211s9999 xx 000 0 und d
245 _aWrestlers At The Trials
245 _cJack Wright and James V. Moffatt
260 _c2007
650 _xMartial Arts
856 _uhttp://down.ebook777.com/064/9780979905100.pdf
999 _c348177
_d348177